01010cam a22002895a 4500001001000000003000400010005001700014008004100031020001800072020001500090040003600105082002200141100002800163245009400191250004300285260004800328300003600376500002400412650004000436651001000476653002500486700002100511700002000532942000800552999001700560952014300577017049462OSt20201128024034.0150205t2016 nyua fr 001 0 eng d a9781259253126 a1259253120 aStDuBDSbengcStDuBDSdEG-ScBUE04a658.1511222bBRE1 aBrewer, Peter C.91222810aIntroduction to managerial accounting /cPeter C. Brewe, Ray H. Garrison, Eric W. Noreen. a7th ed., McGraw-Hill international ed. aNew York :bMcGraw-Hill Education,cc.2016. axxxii, 648 p. :bill. ;c28 cm. aIndex : p. 642-648. 7aManagerial accounting.2BUEsh91343 2BUEsh bBUSECOcDecember20161 aGarrison, Ray H.1 aNoreen, Eric W. 2ddc c23441d23413 00102ddc40708BaccahaMAINbMAINc1STd2016-12-04ePurchaseg480.00h25140l0o658.1511 BREp000040257r2025-07-15 00:00:00v600.00yBB